LEADER 01397nam a2200313 4500 001 000000349746 003 CaOOAMICUS 005 20240723101320.0 008 220322s2007 it 000 u ita r 020 $a978-88-10-51123-7 040 $aSeMil$bita 100 1 $aLe Gendre, Olivier.$0(OLS)http://semarc/name/92067 240 14$aLes évangiles des parents.$0(OLS)http://semarc/title/439371 245 12$aI Vangeli dei genitori /$cOlivier Le Gendre. 264 1$aBologna :$bEDB,$c2007. 300 $a136 p. ;$c21 cm 490 1 $aSpiritualitą coniugale ;$v22 500 $aTrad. di Carlo Dollari, Patrizia Luppi, Marina Masi 650 4$aGenitori - Vita cristiana.$0(OLS)http://semarc/subject/51904 650 4$aGenitori - Spiritualitą cristiana - Meditazioni.$0(OLS)http://semarc/subject/51905 650 4$aFamiglia - Spiritualitą cristiana - Meditazioni.$0(OLS)http://semarc/subject/51906 830 0$aSpiritualitą coniugale ;$v22.$0(OLS)http://semarc/title/10127 850 $aSeMil 852 $aSeMil$W1$xVenegono$y1$m2E II 562$j232409$B240792$CSeMilBibl$Z2$F240792 $81 961 $aPontiggia don Virginio - Omaggio 996 $6020$a978-88-10-51123-7$9(OLS)http://semarc/number/295495 996 $6245$aI Vangeli dei genitori$9(OLS)http://semarc/title/439372 996 $6264$aBologna :$bEDB$9(OLS)http://semarc/publisher/29669 LEADER 01502nas a2200241 i 4500 001 000000336191 003 CaOOAMICUS 005 20190826123649.0 008 190826s2018 vc ar p u0 0mul r 013 $a237844 040 $aSeMil$bita 245 10$aAtti del Convegno Internazionale di Studi "Umberto M. Fasola nel centenrario della nascita (1917-2017) :$bl'archeologo e il barnabita. Roma, Pontificio Istituto di Archeologia Cristina 27-28 ottobre 2017. 264 30$aCittą del Vaticano :$bPontificio Istituto di Archeologia Cristiana,$c2018. 300 $a684 p. :$bill. ;$c24 cm. 700 1 $aFiocchi Nicolai, Vincenzo.$0(OLS)http://semarc/name/84968 700 1 $aLovison, Filippo Maria,$c.$0(OLS)http://semarc/name/56529 711 2 $aAtti del Convegno Internazionale di Studi "Umberto M. Fasola nel centenario della nascita (1917-2017) : l'archeologo e il barnabita$d<2017 ;$cRoma>.$0(OLS)http://semarc/name/110140 850 $aSeMil 852 $aSeMil$W1$xVenegono$y1$m48 6 44$j215499$B228004$CSeMilBibl$Z2$F228004 $85 961 $aCambio: Scuola Cattolica 996 $6245$aAtti del Convegno Internazionale di Studi "Umberto M. Fasola nel centenrario della nascita (1917-2017) :$bl'archeologo e il barnabita. Roma, Pontificio Istituto di Archeologia Cristina 27-28 ottobre 2017$9(OLS)http://semarc/title/425473 996 $6264$aCittą del Vaticano :$bPontificio Istituto di Archeologia Cristiana$9(OLS)http://semarc/publisher/32394